[Event "San Francisco TNM Max Wilkerson op"]
[Site "San Francisco"]
[Date "2009.08.18"]
[Round "3"]
[White "Chen, Max"]
[Black "Molinari, Rory"]
[Result "1-0"]
[WhiteElo "1586"]
[BlackElo "1252"]
[PlyCount "75"]
[EventDate "2009.08.03"]
[EventType "swiss"]
[EventRounds "9"]
[EventCountry "USA"]
[SourceTitle "EXT 2012"]
[Source "ChessBase"]
[SourceDate "2011.11.24"]
[SourceVersion "1"]
[SourceVersionDate "2011.11.24"]
[SourceQuality "1"]

1. d4 d5 2. c4 c6 3. Nc3 Nf6 4. Bg5 Bf5 5. Qb3 Qb6 6. Qxb6 axb6 7. Bxf6 exf6 8. cxd5 cxd5 9. Nxd5 Ra4 10. e3 Bd6 11. Bb5+ Nd7 12. Bxa4 Be4 13. Bxd7+ Kxd7 14. Nxb6+ Kc6 15. f3 Kxb6 16. fxe4 Re8 17. Nf3 Rxe4 18. Kf2 h6 19. Nd2 Re7 20. Nc4+ Kc6 21. Nxd6 Kxd6 22. Rac1 g6 23. Kg3 Rxe3+ 24. Kf2 Re7 25. Rhe1 Rd7 26. d5 b5 27. Rc6+ Kxd5 28. Rxf6 Kc5 29. Re5+ Kb4 30. Rf4+ Ka5 31. b4+ Ka4 32. Re3 Rb7 33. a3 Rd7 34. Rf6 Ra7 35. Kf3 h5 36. Kf4 h4 37. Kg4 g5 38. Kxg5 1-0

[Event "San Francisco TNM Max Wilkerson op"]
[Site "San Francisco"]
[Date "2009.08.04"]
[Round "2"]
[White "Molinari, Rory"]
[Black "Chan, John"]
[Result "0-1"]
[WhiteElo "1252"]
[BlackElo "1697"]
[PlyCount "64"]
[EventDate "2009.08.03"]
[EventType "swiss"]
[EventRounds "9"]
[EventCountry "USA"]
[SourceTitle "EXT 2012"]
[Source "ChessBase"]
[SourceDate "2011.11.24"]
[SourceVersion "1"]
[SourceVersionDate "2011.11.24"]
[SourceQuality "1"]

1. e4 c5 2. Nf3 Nc6 3. Bc4 e6 4. Nc3 a6 5. d4 cxd4 6. Nxd4 Ne5 7. Qe2 b5 8. Bd3 Bb7 9. 0-0 Bc5 10. Nf3 Ng6 11. Be3 Bxe3 12. Qxe3 N8e7 13. Rad1 0-0 14. Rfe1 Qc7 15. Rd2 Rad8 16. e5 b4 17. Ne2 Nd5 18. Qg5 Qa5 19. Rdd1 Qb6 20. Ng3 Ndf4 21. Bxg6 Nxg6 22. Nh5 Bxf3 23. Nf6+ gxf6 24. exf6 Kh8 25. gxf3 Qc6 26. Kg2 Rg8 27. Rd4 Nf4+ 28. Rxf4 Rxg5+ 29. Kf1 Rdg8 30. Rg4 Qxf3 31. Re3 Qh1+ 32. Ke2 Rxg4 0-1